Laborem exercens: carta encíclica sobre el trabajo humano
Enregistré dans:
| Auteur principal: | |
|---|---|
| Format: | Livre |
| Langue: | espagnol |
| Publié: |
Santiago
Paulinas
1983
|
| Édition: | 2a. ed |
| Sujets: | |
| Tags: |
Ajouter un tag
Pas de tags, Soyez le premier à ajouter un tag!
|
MARC
| LEADER | 00000nam a2200000 a 4500 | ||
|---|---|---|---|
| 001 | UCZ0543 | ||
| 003 | CL-VaPUC | ||
| 008 | 950728e19831100CL |||||||||||||||||spa|d | ||
| 082 | 0 | 4 | |a 262.91 |b JUA |2 21 |
| 100 | |a Juan Pablo II |e author |9 309920 | ||
| 245 | 1 | 0 | |a Laborem exercens: carta encíclica sobre el trabajo humano |
| 250 | |a 2a. ed | ||
| 300 | |a 105 p | ||
| 942 | |c BK | ||
| 945 | |d 19950728 00:00:00 |a cmena | ||
| 260 | |a Santiago |b Paulinas |c 1983 | ||
| 600 | 0 | |a Iglesia católica |9 255129 | |
| 650 | 0 | |a Encíclicas |9 255643 | |
| 650 | 0 | |a Documentos pontificios |9 255642 | |
| 650 | 0 | |a Trabajadores |9 260887 | |
| 650 | 0 | |a Clase obrera |9 317035 | |
| 650 | 0 | |a Trabajo |9 313876 | |
| 650 | 0 | |a Empleo |9 339124 | |
| 583 | |a last modification |c 19950728 00:00:00 |k Rodrigo Vera | ||
| 999 | |c 237462 |d 237460 | ||